[Event "African Online-ch Open 2021"]
[Site "Online"]
[Date "2021.02.01"]
[Round "9.8"]
[White "Oatlhotse, Providence"]
[Black "Joelson, Ricardo"]
[Result "0-1"]
[WhiteElo "2190"]
[BlackElo "2017"]
[Annotator "TA"]
[PlyCount "98"]
[EventDate "2021.02.01"]
[EventType "swiss"]
[EventCountry "NET"]
[SourceTitle "playchess.com"]
[Source "ChessBase"]
[SourceQuality "1"]

{[%evp 11,98,19,18,20,26,0,2,2,87,86,85,70,70,0,56,64,56,14,25,29,16,40,36,11,14,0,0,0,39,41,38,-38,-45,-70,-74,-76,-72,-79,-74,-77,-73,-104,-87,-118,-116,-179,-123,-150,-150,-165,-150,-150,-97,-137,-131,-133,-133,-130,-114,-215,-211,-287,-286,-322,-320,-287,85,-352,-341,-352,-348,-409,-399,-592,-482,-1058,-1058,-1035,-996,-1037,-1037,-1016,-1012,-1011,-996,-985,-970,-949,-920]} 1. Nf3 Nf6 2. g3 d5 3. Bg2 c6 4. O-O Bf5 5. c4 e6 6. Qb3 Qb6 7. d3 {A11: English Opening: 1...c6.} Nbd7 8. Be3 Qxb3 9. axb3 {The position is equal.} Bc5 (9... a6 $11 {remains equal.}) 10. Bxc5 $16 Nxc5 11. b4 Ncd7 {[#]} 12. Nh4 $146 (12. b5 $14) ({Predecessor:} 12. b3 Ke7 13. Nbd2 a6 14. Ra2 h6 15. Rfa1 Rab8 16. Re1 Rhd8 17. e4 dxe4 18. dxe4 {0-1 (41) Schmitt,C (2025)-Bogucanin,M (1923) Heusenstamm 2016}) 12... Bg6 (12... Bg4 $1 $11) 13. Nxg6 $14 hxg6 14. Nc3 Ke7 15. b5 a6 16. bxc6 bxc6 17. Ra2 Rhb8 18. cxd5 cxd5 19. e4 d4 {[#]} 20. e5 $1 Nxe5 21. Ne2 ({White should try} 21. Bxa8 $14 dxc3 22. Bg2) 21... Ra7 $15 22. f4 Nxd3 {Hoping for ...Rd7.} 23. Nxd4 Nb4 24. Ra4 {And now Rxb4! would win.} Rc7 25. Rd1 Rb6 26. h3 Nfd5 27. Rd2 Ne3 28. Be4 (28. Ne2 $17) 28... Nf5 ({Black should play} 28... Rc1+ $19 29. Kf2 Nc4) 29. Bxf5 gxf5 30. Kf2 Kf6 31. Nf3 Rc4 (31... Nd5 $142 32. Ne5 Ke7) 32. b3 Rc7 33. Ne5 {and if Nd7+ works, White does fine.} Nd5 34. Rd3 Ke7 35. Kf3 {[#]} (35. Nc4 $17 {was called for.} Rbb7 36. Kf1) 35... Nb4 $1 $19 {[%cal Rb4d3]} 36. Re3 {[#]} Nc2 $1 {[%cal Rc2e3]} 37. Re2 Rxb3+ 38. Kf2 Rb6 (38... Nb4 $19 {Strongly threatening ...Rcc3.} 39. Nf3 Nd3+ 40. Kg2 Rcc3) 39. Nc4 $2 {[%mdl 8192] Now White is beyond hope.} (39. Rc4 $16 Rxc4 40. Nxc4) 39... Rb4 40. Rxb4 Nxb4 {[%mdl 4096] Endgame KRN-KRN} 41. Ne5 a5 42. Ke1 (42. Re3 {keeps fighting.}) 42... a4 {Black is clearly winning.} 43. Rd2 (43. Rb2 $142 a3 44. Rxb4) 43... a3 44. Rd1 a2 45. Kd2 Rc2+ 46. Ke3 Rb2 {...Nd5+ is the strong threat.} 47. Rd7+ Ke8 48. Ra7 a1=Q {[%mdl 64] Decoy} 49. Rxa1 Nc2+ {[%mdl 64] Double Attack.  Weighted Error Value: White=0.51/Black=0.30} 0-1

[Event "African Online-ch Open 2021"]
[Site "Online"]
[Date "2021.02.01"]
[Round "9.9"]
[White "Wanyama, Harold"]
[Black "Simoes, Joao"]
[Result "1-0"]
[WhiteElo "2312"]
[BlackElo "2228"]
[Annotator "TA"]
[PlyCount "159"]
[EventDate "2021.02.01"]
[EventType "swiss"]
[EventCountry "NET"]
[SourceTitle "playchess.com"]
[Source "ChessBase"]
[SourceQuality "1"]

{[%evp 16,159,5,5,5,-2,6,6,19,13,8,5,9,9,54,48,48,10,35,46,42,-10,47,-71,-77,-67,-59,-161,-132,-630,-640,-635,-629,-644,-260,-237,-153,-342,-314,-451,-458,-447,-433,-386,-95,-113,-79,-75,-73,-73,-80,-102,0,-41,0,0,0,0,0,-81,109,0,0,0,0,0,0,0,0,0,0,0,98,97,208,218,222,222,222,222,279,227,295,295,295,295,417,417,413,413,1612,1597,1182,1067,3112,3108,3093,3041,2877,2823,2725,1590,5206,4133,29970,5616,4618,0,29993,29994,29994,29984,29990,29986,29987,29986,29986,29984,29987,29985,29987,29984,29992,29985,29987,29988,29988,29986,29986,29987,29987,29988,29988,29987,29989,29990,29989,29983,29983,29984,29990,29991,29991,29990,29990,29991]} 1. d4 Nf6 2. c4 e6 3. Nc3 d5 4. Nf3 c6 5. Bg5 Nbd7 {[%cal Bb8d7,Bd7f6,Bf6e4][%mdl 32]} 6. e3 Qa5 7. Bxf6 Nxf6 8. Bd3 Bb4 9. Qb3 dxc4 {D52: Queen's Gambit Declined: Cambridge Springs Variation.} 10. Bxc4 Ne4 {[%cal Re4c3]} 11. Rc1 O-O {The position is equal.} 12. O-O Nxc3 13. bxc3 Ba3 14. Rb1 b5 15. Bd3 {[#]} Bd6 $146 ({Predecessor:} 15... Re8 16. Qc2 h6 17. c4 bxc4 18. Qxc4 Qc7 19. Rb3 Bd6 20. e4 e5 21. Rbb1 exd4 22. Qxd4 {½-½ (33) Rathke,J (1300)-Lichey,D (944) Verden 2000}) 16. e4 Rb8 17. e5 Be7 18. Rfe1 (18. c4 $14) 18... Bd7 (18... c5 $11) 19. Re4 (19. c4 $1 $14) 19... g6 $17 20. h4 c5 21. c4 (21. dxc5 $15 Rfc8 22. Rd4) 21... Bc6 $19 {Hoping for ...bxc4.} 22. d5 $2 {[%mdl 8192]} (22. Rf4 $17) 22... bxc4 23. Qxb8 exd5 (23... Rxb8 24. Rxb8+ Bf8 25. dxc6 $15) (23... cxd3 24. dxc6 Rxb8 25. Rxb8+ Bf8 26. Nd2 $15) 24. Rf4 cxd3 (24... Rxb8 $142 25. Rxb8+ Kg7) 25. Qb2 d4 26. Nd2 $2 (26. Rd1 $17) 26... Bd5 27. a3 (27. Nb3 $142 Qc7 28. Re1) 27... Qc3 28. Qc1 c4 29. Qd1 Qc2 $2 (29... Bxa3 $19 {has better winning chances.} 30. h5 Re8) 30. Rxd4 $17 Be6 31. Qxc2 dxc2 32. Rc1 c3 $1 33. Nc4 Bc5 (33... Bf5 $1 $17 34. Nd6 Rb8) 34. Rf4 h6 35. Rxc2 g5 36. hxg5 hxg5 37. Rf6 (37. Re4 $11 {keeps the balance.} Bf5 38. Rxc3 Bxe4 39. Nd2) 37... Bxc4 $2 (37... Bd4 $17 {stays on course.} 38. Rxe6 fxe6) 38. Rxc3 (38. Rc6 $1 $16 {[%cal Rc6c5]} Bd4 39. Rxc4 Bxe5 40. Kf1) 38... Rc8 $11 39. Rxc4 Bxf2+ $1 40. Kxf2 Rxc4 {[%mdl 4096] Endgame KR-KR} 41. Ra6 Re4 42. Ra5 Kg7 43. Kf3 Re1 (43... Rf4+ $11 44. Ke3 Kg6) 44. Kg4 $1 $16 (44. Rxa7 $6 Rxe5 45. Kg4 Kg6 $11) 44... Kg6 (44... Re2 $16) 45. Ra6+ $18 (45. Rxa7 Rxe5 46. Kf3 Rf5+ 47. Ke3 Rf4 $11) 45... Kg7 46. Kf5 (46. Rxa7 Rxe5 47. Kh5 Kf6 $14) 46... g4 47. g3 $1 (47. Kxg4 $6 Rxe5 48. Rxa7 Kf6 $16) (47. Rxa7 $6 g3 $16) 47... Re3 {[#]} 48. Kf4 {[%cal Rf4e3]} ({Less strong is} 48. Rxa7 Rxg3 49. e6 Re3 $14) (48. Kxg4 Rxe5 49. Rxa7 Kf6 $16) 48... Re1 49. Rxa7 ({Weaker is} 49. Kxg4 Rxe5 50. Rxa7 Kf6 $16) 49... Kf8 50. a4 ({But not} 50. Kxg4 $6 Rxe5 51. a4 Rc5 $16) 50... Kg7 (50... Rf1+ {was necessary.} 51. Kxg4 Re1) 51. a5 Kg6 52. Ra6+ Kg7 (52... Kh5 $142 53. Ra8 Kg6) 53. Rb6 Ra1 54. a6 Ra5 55. e6 {e7 would kill now.} fxe6 56. Rxe6 Ra4+ 57. Kf5 Kf7 58. Rb6 Kg7 59. Rb7+ Kh6 60. a7 Ra6 61. Rb6+ $2 Rxb6 $4 {[%mdl 8192]} (61... Kh5 $11) 62. a8=Q {[%cal Ra8h8] KQ-KR. White mates.} Rb5+ 63. Kxg4 Rb4+ 64. Kh3 Rb6 65. Qf8+ Kg6 66. Qe8+ Kh7 67. Qf7+ Kh6 68. Qf4+ Kh7 69. Qe4+ Rg6 70. g4 Kg7 71. Qe5+ Kf7 72. g5 Re6 73. Qf5+ Ke7 74. Kg4 Re1 75. Qf6+ Ke8 76. Kh5 Rh1+ {[#]} 77. Kg6 $1 Rg1 78. Qe6+ Kd8 79. Qd6+ Ke8 80. Qb8+ {White used his chance.  Weighted Error Value: White=0.43/Black=0.56} 1-0

[Event "African Online-ch Open 2021"]
[Site "Online"]
[Date "2021.02.01"]
[Round "9.10"]
[White "Seddaoui, Yamine"]
[Black "Miguel, Sergio"]
[Result "0-1"]
[WhiteElo "2127"]
[BlackElo "2377"]
[Annotator "TA"]
[PlyCount "104"]
[EventDate "2021.02.01"]
[EventType "swiss"]
[EventCountry "NET"]
[SourceTitle "playchess.com"]
[Source "ChessBase"]
[SourceQuality "1"]

{[%evp 11,104,17,42,12,22,0,0,-28,-24,-43,-35,-61,-63,-88,-85,-91,-91,-100,-84,-127,-97,-113,-103,-166,-114,-189,-152,-164,-27,-148,-80,-168,-151,-210,-210,-209,-130,-123,-122,-268,-274,-257,-158,-158,-116,-118,-122,-323,-316,-306,-287,-917,-895,-1110,-1106,-1047,-666,-772,-727,-704,-711,-863,-839,-831,-827,-825,-807,-793,-791,-789,-789,-767,-740,-731,-717,-750,-735,-751,-752,-749,-744,-730,-718,-8420,-10665,-29967,-29971,-29980,-29980,-29982,-29983,-29983,-29983,-29984,-29984]} 1. e4 e5 2. Nf3 Nc6 3. Bb5 a6 4. Bxc6 dxc6 5. O-O Qd6 6. Na3 Be6 7. b3 {C68: Ruy Lopez: Exchange Variation, sidelines.} O-O-O 8. Bb2 f6 {[#]} 9. d3 $146 {The position is equal.} ({Predecessor:} 9. Qe2 Qd7 10. Nc4 c5 11. d3 Ne7 12. Rfd1 Nc6 13. c3 g5 14. Rd2 g4 15. Ne1 {0-1 (44) Antal,T (2231)-Csire,B (1897) Dunaujvaros 2011}) 9... c5 10. Nc4 Qd7 11. a4 Ne7 12. Qe1 Nc6 13. Na5 Nb4 14. Qc3 h5 15. Ba3 h4 16. Nc4 Kb8 17. Ne3 (17. h3 $17) 17... g5 $19 18. Rfd1 (18. h3 $17) 18... Be7 19. Qe1 Qe8 (19... g4 $19 20. Nd2 Nc6) 20. Qe2 (20. h3 $11 {remains equal.}) 20... Nc6 (20... g4 $142 21. Nd2 Nc6) 21. Rab1 (21. h3 $17) 21... g4 22. Ne1 (22. Nd2 $17) 22... Nd4 23. Qf1 Qh5 24. c3 Nxb3 25. Nf5 (25. Nd5 $17 {might work better.} Bxd5 26. exd5) 25... Bxf5 26. exf5 Qf7 27. Qe2 Rhg8 28. d4 exd4 29. cxd4 {[#]} (29. Qe6 $17 {is the only way for White.} Qxe6 30. fxe6) 29... Rxd4 30. Rxd4 Nxd4 31. Qxa6 (31. Qe4 b6 32. a5) 31... Qd5 32. Nd3 h3 {[%csl Gh3][%cal Rd5g2] [#]} 33. Ne1 Nc2 {White must now prevent ...Nxe1.} 34. Rxb7+ Qxb7 35. Qxb7+ Kxb7 36. Nxc2 {[%mdl 4096] Endgame KRB-KBN} Ra8 37. f3 gxf3 38. gxh3 Rxa4 39. Kf2 Bd6 40. Kxf3 Rf4+ 41. Kg2 Rxf5 42. Ne3 Rg5+ 43. Kf3 Bxh2 44. h4 Rg3+ 45. Kf2 Rh3 46. Bxc5 Rxh4 47. Be7 Re4 48. Bc5 Bd6 {Black mates.} 49. Kf3 Bxc5 50. Kxe4 Bxe3 51. Kxe3 c5 52. Ke4 Kb6 {Weighted Error Value: White=0.81/Black=0.30} 0-1

[Event "African Online-ch Open 2021"]
[Site "Online"]
[Date "2021.02.01"]
[Round "9.11"]
[White "Calicoca, Wilton Inacio"]
[Black "Vermaak, Ashley Christopher"]
[Result "1-0"]
[WhiteElo "2122"]
[BlackElo "1751"]
[Annotator "TA"]
[PlyCount "111"]
[EventDate "2021.02.01"]
[EventType "swiss"]
[EventCountry "NET"]
[SourceTitle "playchess.com"]
[Source "ChessBase"]
[SourceQuality "1"]

{[%evp 15,111,0,42,20,36,21,35,20,39,0,0,0,19,0,0,0,0,9,90,0,85,79,75,70,181,173,199,141,205,214,206,195,201,109,242,209,246,238,317,302,411,406,468,447,501,490,494,493,472,452,451,430,603,593,570,546,1522,995,5522,504,813,810,800,767,758,709,626,415,490,470,29977,29978,29978,29979,29981,29982,29982,29983,29982,29983,29982,29981,29979,29980,29987,29988,29988,29989,29989,29990,29990,29991,29991,29992,29992,29993,29994,29994]} 1. e4 c5 2. Nf3 d6 3. d4 cxd4 4. Nxd4 Nf6 5. Nc3 a6 6. Bg5 e6 7. Qd2 Be7 8. O-O-O Qc7 9. Kb1 {B95: Sicilian Najdorf: 6 Bg5 e6, unusual White 7th moves.} Nbd7 10. f3 b5 11. a3 {White is slightly better.} Bb7 {[#]} 12. Ndxb5 $146 (12. g4 {seems wilder.} h6 13. Bh4 Rc8 14. Be2 Ne5 15. Bxf6 Bxf6 16. Ndxb5 axb5 17. Nxb5 Qb6 18. Nxd6+ Ke7 19. Qb4) ({Predecessor:} 12. h4 Nb6 13. h5 O-O-O 14. h6 g6 15. Qe1 Kb8 16. Bc1 Rc8 17. Bd3 Nfd7 18. Nb3 {1-0 (65) Korley,K (2441)-Andrews,T (2244) chess.com INT 2020}) 12... axb5 13. Nxb5 Qc6 {White must now prevent ...0-0.} 14. Nxd6+ Bxd6 15. Qxd6 Qxd6 16. Rxd6 h6 (16... Ke7 $1 $11 17. Rd4 e5) 17. Be3 (17. Bd2 $1 $16) 17... O-O-O (17... Ke7 $11 {remains equal.} 18. Rd4 e5) 18. Be2 $16 {[%mdl 1024] White has strong compensation.} Ne8 19. Rd3 Ndf6 (19... Nc7 $14) 20. Rc3+ Kb8 21. b4 (21. Bf4+ $1 $18 Ka7 22. Rc4) 21... Rc8 (21... e5 $16 {keeps fighting.} 22. Rc5 Nd7) 22. Bf4+ $18 Ka8 23. Kb2 Nh5 {aiming for ...Rxc3.} 24. Be3 (24. Rxc8+ $18 Bxc8 25. Be3) 24... Nd6 {This move loses the game for Black.} (24... Rxc3 $16 25. Kxc3 f5) 25. a4 e5 26. Rd1 Rxc3 27. Kxc3 Rc8+ 28. Kb3 Nxe4 29. fxe4 Bxe4 30. Bf3 Bxf3 31. gxf3 {[%mdl 4096] Endgame KRB-KRN} f5 32. Rd7 f4 33. Bf2 Re8 (33... e4 $142 34. fxe4 Nf6) 34. b5 e4 35. fxe4 Rxe4 36. b6 Re2 {[#]} 37. b7+ (37. a5 $142 $1 Nf6 38. Ra7+ Kb8 {[#]} 39. a6 $1) 37... Kb8 38. Bc5 {Threatening mate with Bd6+.} Re6 39. a5 {[%cal Ba4a5,Ba5a6][%mdl 32]} f3 40. Kb4 Nf6 41. Rxg7 Nd5+ 42. Kc4 Ne3+ (42... Nc7 $18 43. Rf7 h5) 43. Bxe3 {White mates.} Rxe3 {KR-KR} 44. a6 Re8 45. Rf7 Ka7 46. Kb5 Re5+ 47. Kc6 Re8 48. Kc7 Rg8 49. c4 h5 50. c5 h4 51. c6 h3 52. Kd7 Kxa6 53. Rxf3 Rg7+ 54. Ke6 Rg8 55. Rb3 Rg6+ 56. Kf5 {Weighted Error Value: White=0.44/Black=0.50} 1-0

[Event "African Online-ch Open 2021"]
[Site "Online"]
[Date "2021.02.01"]
[Round "9.12"]
[White "Pascoal, Eduardo A"]
[Black "Ndegwa, Jackson Kamau"]
[Result "1-0"]
[WhiteElo "2184"]
[BlackElo "2001"]
[Annotator "TA"]
[PlyCount "85"]
[EventDate "2021.02.01"]
[EventType "swiss"]
[EventCountry "NET"]
[SourceTitle "playchess.com"]
[Source "ChessBase"]
[SourceQuality "1"]

{[%evp 13,85,16,45,48,52,49,54,46,52,49,70,54,73,70,69,71,63,58,140,133,133,133,133,114,141,95,150,121,150,148,164,164,291,278,289,246,253,191,335,303,303,219,206,218,207,193,198,180,180,122,142,145,156,143,193,179,232,224,217,214,454,425,406,404,373,368,569,559,758,733,728,695,1396,1316]} 1. d4 d5 2. Nf3 c5 3. e3 Nc6 4. c3 Nf6 5. Bd3 cxd4 6. exd4 e6 7. Bg5 Be7 8. O-O {D03: 1 d4 d5 2 Nf3 Nf6 3 Bg5, including Torre Attack with early ...d5.} O-O 9. Nbd2 {[#]} Qb6 $146 ({Predecessor:} 9... a6 10. h3 b5 11. b4 Qc7 12. a4 bxa4 13. Rxa4 Bb7 14. Qa1 e5 15. dxe5 Nxe5 16. Nxe5 Qxe5 {0-1 (43) Muzychuk,M (2511)-Kosteniuk,A (2498) Hengshui 2019}) 10. Qb3 {White is slightly better.} Qxb3 11. axb3 Bd7 12. Ne5 {[#] aiming for Bxf6.} Rfd8 13. b4 {[%cal Bb3b4,Bb4b5][%mdl 32]} h6 14. Be3 a6 15. h3 Ne8 (15... Be8 $14) 16. Nxd7 $16 Rxd7 17. b5 Nb8 18. Nb3 Rc7 19. Ra2 g5 (19... Nd7 $142) 20. Rfa1 Nd6 21. Nc5 Nc4 22. Bxc4 Bxc5 (22... dxc4 $142 23. b6 Rc8) 23. dxc5 $18 dxc4 24. Ra4 Nd7 25. Rxc4 Rac8 (25... Nb6 $142 26. Re4 (26. cxb6 Rxc4 27. bxa6 bxa6 $16) 26... Nd5) 26. bxa6 bxa6 27. Rxa6 Nxc5 28. Bxc5 Rxc5 29. Rxc5 Rxc5 {[%mdl 4096] Endgame KR-KR} 30. Ra8+ Kg7 31. Rb8 ({Better is} 31. Kf1 $18) 31... Kf6 32. Kf1 Ke5 33. Ke2 Ke4 34. g3 f5 (34... Ra5 $142 35. Rb6 Ke5) 35. f3+ Kd5 36. Kd3 e5 $2 {[#]} (36... Kd6 37. c4 Ra5 38. Rb6+ Kd7) 37. Rd8+ Ke6 38. b4 {[%cal Bb2b4,Bb4b5][%mdl 32]} Rc7 39. Re8+ Kf6 (39... Kd6 {was called for.} 40. Rh8 e4+ 41. fxe4 fxe4+ 42. Kd4 e3) 40. b5 {White is clearly winning.} Kf7 41. Rxe5 Kf6 42. f4 gxf4 43. gxf4 {Weighted Error Value: White=0.16/Black=0.44} 1-0

[Event "African Online-ch Open 2021"]
[Site "Online"]
[Date "2021.02.01"]
[Round "9.13"]
[White "Bongo Akanga Ndjila, Barthelemy"]
[Black "Alberto, Manuel"]
[Result "1-0"]
[WhiteElo "1803"]
[BlackElo "2167"]
[Annotator "TA"]
[PlyCount "83"]
[EventDate "2021.02.01"]
[EventType "swiss"]
[EventCountry "NET"]
[SourceTitle "playchess.com"]
[Source "ChessBase"]
[SourceQuality "1"]

{[%evp 9,83,21,36,27,21,25,27,25,31,9,20,6,11,18,27,26,36,32,58,50,58,65,43,60,53,44,54,-90,-91,-90,-37,-49,-39,-156,-142,-157,-155,-168,-65,-35,16,15,18,14,34,-34,-13,-7,-18,-93,245,270,673,168,29993,831,806,491,497,496,510,495,497,503,664,658,29999,640,619,624,610,587,922,907,5808,5700]} 1. d4 Nf6 2. Nf3 g6 3. Bg5 Ne4 4. Bf4 Bg7 5. e3 c5 6. Nbd2 {A48: 1 d4 Nf6 2 Nf3 g6: Torre, London and Colle Systems.} Nxd2 7. Qxd2 Qb6 8. c3 {White has an edge.} d6 {[#]} 9. a4 $146 ({Predecessor:} 9. Be2 Nd7 10. O-O Nf6 11. h3 O-O 12. a4 Qc6 13. Bb5 Qc7 14. Qe2 Bf5 15. Bh2 {½-½ (35) Medar,Z (2229)-Banovic,I (2148) Kac 2012}) 9... Nc6 {[%cal Bb8c6,Bc6a5,Ba5b3,Bb3c1,Bc1d3][%mdl 32]} 10. d5 Na5 11. Bb5+ Bd7 12. Bxd7+ Kxd7 13. Qe2 Nb3 14. Ra3 Nc1 15. Qc2 {And now 0-0 would win.} Qxb2 $1 {[%mdl 64] Decoy} 16. Qxb2 ({But not} 16. Ne5+ $2 dxe5 17. Qxb2 Nd3+ 18. Ke2 Nxb2 $19) 16... Nd3+ {[%mdl 64] Double Attack} 17. Ke2 Nxb2 18. Rb3 (18. Nd2 $1 $14 {was the only good move.}) 18... Nxa4 $17 19. Rxb7+ Ke8 (19... Kd8 $17 20. c4 h6) 20. c4 $15 h6 21. Kd3 (21. Bg3 $15) 21... Nb2+ $17 22. Ke2 Nxc4 23. Rhb1 a5 (23... g5 $19 24. Bg3 Kd8) 24. Kd3 {[#]} Ne5+ ({Black should try} 24... Nb2+ $1 $15 25. R1xb2 (25. Kc2 g5) 25... Bxb2 26. Rxb2 g5) 25. Bxe5 $11 dxe5 26. e4 f5 27. Nd2 (27. d6 $14 Bf6 {[#]} 28. Nxe5 $1 {[%mdl 64] Decoy} Bxe5 29. Rxe7+ {[%mdl 64] Double Attack} Kd8 30. Rxe5 {[%mdl 64] Double Attack}) 27... a4 {With the idea ...Kf7.} 28. d6 Bf6 29. d7+ (29. Nc4 $11) 29... Kd8 $2 {[%mdl 8192]} (29... Kf7 $17 {keeps the pressure on.} 30. Ra1 Rhd8) 30. Nc4 $18 {[%mdl 1024] Black must now prevent Nb6. White has strong compensation.} a3 $2 (30... e6) 31. Nb6 $2 (31. R1b5) 31... Ra6 $2 (31... a2 $18 32. Ra1 Ra3+ 33. Kc4 e6) 32. Rb8+ (32. Rb5 $142 fxe4+ 33. Ke2 Rxb6 34. R5xb6 Re8 35. Ra6 e6 36. Ra8+ Ke7 37. dxe8=N+ Kf8 38. Nxf6#) 32... Kc7 33. Nd5+ Kxd7 34. Nxf6+ exf6 35. Rxh8 fxe4+ 36. Kxe4 Ra4+ 37. Kd5 {[%cal Rb1b7]} a2 38. Ra1 (38. Rb7# $142) 38... c4 {Now ...c3 and Black clings on.White is clearly winning.} 39. Rh7+ Ke8 40. Rc7 Kd8 41. Rxc4 Rxc4 42. Kxc4 {What a bad dream for Black.  Weighted Error Value: White=0.70/Black=0.75} 1-0

[Event "African Online-ch Open 2021"]
[Site "Online"]
[Date "2021.02.01"]
[Round "9.14"]
[White "Likoko, Elvis"]
[Black "Gohil, Mehul"]
[Result "1/2-1/2"]
[WhiteElo "1646"]
[BlackElo "1991"]
[Annotator "TA"]
[PlyCount "166"]
[EventDate "2021.02.01"]
[EventType "swiss"]
[EventCountry "NET"]
[SourceTitle "playchess.com"]
[Source "ChessBase"]
[SourceQuality "1"]

{[%evp 13,166,0,27,-39,-33,-57,-45,-44,-32,-64,-57,-75,-70,-90,-57,-55,-41,-102,-49,-69,-30,-48,-49,-128,443,448,451,436,440,-366,-368,-385,-185,-195,-182,-157,-160,-285,-277,-302,-298,-272,-191,-375,-342,-422,-412,-452,-444,-626,-663,-654,-659,-635,-631,-579,-632,-626,-583,-622,-603,-686,-370,-368,-361,-380,-373,-343,-222,-344,-315,-370,-362,-339,-285,-358,-277,-265,-68,-70,-61,-61,-61,-61,-61,-61,-61,-61,-61,-61,-61,-61,-61,-61,-61,-61,-61,-61,-61,-61,-61,-68,-68,-68,-68,-68,-68,-68,-68,-68,-68,-68,-68,-68,-68,-68,0,-68,-68,-68,-68,-68,-68,-68,-68,-68,-68,-68,-68,-68,-68,-68,-68,-68,-68,-68,-68,-68,-61,-61,-61,-61,-61,-61,-61,-61,-68,-68,-68,-68,0,-68,0,-68,0]} 1. e4 e6 2. Qe2 d5 3. d3 Nf6 4. Nf3 c5 5. g3 Nc6 6. Bg2 Be7 7. O-O b5 8. e5 {C00: French: Unusual White 2nd moves.} (8. exd5 $11 exd5 9. d4) 8... Nd7 $1 $15 9. c4 bxc4 10. dxc4 Ba6 11. Na3 O-O 12. h4 {[#]} Rb8 $146 ({Predecessor:} 12... Rc8 13. Rd1 Nd4 14. Qe1 dxc4 15. Nxd4 cxd4 16. Rxd4 Qc7 17. Bf4 Bc5 18. Re4 Bxa3 19. bxa3 {1-0 (32) Pina Vega,S (2241)-Becker,A (2205) Camaguey 1999}) 13. Re1 Qc7 14. b3 Rfc8 15. h5 ({White should play} 15. Nb5 $15 Bxb5 16. cxb5) 15... h6 (15... Nd4 $17 16. Qd1 Nxf3+ 17. Qxf3 Nxe5) 16. Bf4 Nd4 17. Nxd4 cxd4 18. Qg4 Bxa3 $2 {[%mdl 8192]} (18... Kh8 $1 $17 {keeps the pressure on.} 19. Nb5 Bxb5 20. cxb5 Rxb5) 19. Bxh6 $1 $18 {[%csl Gh6][%cal Rg4g7][%mdl 64] Discovered Attack} Bf8 {[#]} 20. Bxg7 {[%mdl 512]} Kh7 (20... Bxg7 $2 21. h6) 21. cxd5 $4 {[%mdl 8192]} (21. h6 $18 {is the narrow road to win. White threatens Bxf8 and mate.} Bb4 22. cxd5) 21... Bxg7 $19 22. dxe6 Nxe5 (22... fxe6 $142 23. Qxe6 Nc5 24. Qg6+ Kh8) 23. Qf5+ Kg8 $1 {Threatens to win with ...Bd3.} 24. h6 {[#]} Bd3 $1 {[%cal Rd3f5]} 25. Qg5 {[#]} (25. Be4 $17 {was necessary.} Bxe4 26. Rxe4) (25. exf7+ Qxf7) 25... f6 $1 26. Qxg7+ Qxg7 27. hxg7 Kxg7 28. Rad1 $2 {[#]} (28. e7 {was the only chance.}) 28... Rc3 $1 29. f4 Ng4 30. e7 Ne3 31. Rxd3 (31. Rc1 $142 Bc2 32. Bf3) 31... Rxd3 32. Bc6 Kf7 33. e8=Q+ Rxe8 34. Bxe8+ Kxe8 {[%mdl 4096] Endgame KRN-KR} 35. Kf2 Kd7 36. Ke2 Rc3 37. Kd2 Ng2 38. Re4 Rxg3 39. Rxd4+ Ke6 40. Ra4 Rf3 41. Rxa7 (41. Ke2 {was worth a try.} Rg3 42. Kf2) 41... Nxf4 42. b4 Nd5 43. b5 f5 44. b6 Kd6 ({Not} 44... Nxb6 45. Ra6 $15) 45. b7 Kc7 (45... Rf2+ $19 46. Kd3 Rb2) 46. Ra5 $15 Ne7 47. Rb5 Nc6 48. b8=Q+ Nxb8 49. Ke2 Rf4 {And now ...Nc6 would win.} (49... Ra3 {with more complications.} 50. Rxf5 Rxa2+ 51. Kf3 Ra3+ 52. Ke4 Ra4+) 50. Ke3 Re4+ (50... Ra4 {looks sharper.} 51. Rxf5 Rxa2 52. Rf7+ Kb6 53. Rf2 Ra4) 51. Kf3 Nc6 {White must now prevent ...Nd4+.} 52. Rxf5 Ra4 {...Nd4+ is the strong threat.} 53. Rf7+ Kd6 54. Ke3 Ne5 55. Rf6+ Kd5 {( -> ...Ng4+)} 56. Rf8 Ra3+ 57. Kd2 Rxa2+ 58. Kc3 Ra4 59. Rf5 Rc4+ 60. Kb3 Rd4 61. Rh5 Re4 62. Kc3 Re3+ 63. Kb4 Kc6 64. Rh6+ Kd5 65. Rh5 Re2 (65... Rd3 {is interesting.} 66. Rh6 Nc6+ 67. Ka4 Nd4 68. Rh8 Rf3) 66. Kc3 Rg2 67. Kb4 Rg4+ 68. Kc3 Ke4 69. Rh8 Rg3+ 70. Kb4 Rd3 71. Re8 Rd7 72. Kc3 Rc7+ 73. Kd2 Rc6 74. Re7 Kd4 (74... Rd6+ {is more complex.} 75. Kc3 Rd8 76. Re6 Rh8 77. Kc2 Kf5) 75. Re8 Nc4+ (75... Rd6 {keeps more tension.} 76. Rh8 Ke4+ 77. Ke2 Ra6 78. Rh4+ Kf5) 76. Ke2 Rh6 77. Rd8+ Ke4 78. Re8+ Ne5 79. Kf2 Rf6+ 80. Ke2 Ra6 81. Kd2 Rc6 82. Re7 $1 Kd4 83. Re8 $1 Ke4 {Black had all chances to win.  Weighted Error Value: White=0.43/Black=0.35} ({Better is} 83... Rh6 $15) 1/2-1/2